000 00476nam a2200181Ia 4500
008 090124s9999 xx 000 0 und d
082 _b123590
100 _aराऊत संजय
245 _a शुन्य सारे
250 _a1
260 _c1989
300 _a50
600 _aराऊत संजय
630 _a शुन्य सारे
700 _aराऊत संजय
730 _a शुन्य सारे
942 _cBOOK
999 _c169677
_d169677